[Event "RUS-chT Rapid Men 2018"]
[Site "Sochi"]
[Date "2018.10.08"]
[Round "5"]
[White "Chigaev, Maksim"]
[Black "Ozgibcev, Anatoly"]
[Result "1-0"]
[WhiteElo "2599"]
[BlackElo "2368"]
[Annotator "TA"]
[PlyCount "135"]
[EventDate "2018.10.05"]
[EventType "swiss"]
[EventCountry "RUS"]
[SourceTitle "playchess.com"]
[Source "ChessBase"]
[SourceQuality "1"]

{[%evp 18,135,31,20,42,23,20,19,16,25,8,16,13,-38,46,0,18,-21,29,16,32,0,41,42,34,39,46,36,27,36,116,26,45,31,44,35,64,55,63,65,54,59,60,54,147,152,115,13,16,6,51,0,0,6,18,0,0,0,93,93,93,91,124,120,248,239,222,206,368,374,364,261,475,438,443,419,6295,5518,29968,29971,29970,29971,29983,29984,29984,29984,29985,29981,29981,29982,29979,0,4958,944,29987,29988,29988,5892,29979,29980,29980,29981,29981,29982,29987,29988,29987,29984,29990,29979,29978,29979,29984,1284,29996,29997,29998,29993,29993,29994]} 1. e4 e5 2. Bc4 Nf6 3. d3 Nc6 4. Nf3 Be7 5. O-O O-O 6. a4 d6 {C55: Zweispringerspiel} 7. a5 (7. h3 Be6 8. Re1 Qd7 9. Nc3 h6 10. Be3 a6 11. Bxe6 fxe6 12. d4 exd4 13. Nxd4 Nxd4 14. Qxd4 Nh5 15. e5 {0-1 (71) Miton,K (2584)-Wang,H (2709) Riadh 2017}) 7... a6 8. h3 Be6 9. Re1 h6 10. Nc3 {LiveBook: 7 Partien} Re8 11. Nd5 Bf8 12. c3 Bxd5 13. exd5 Ne7 14. Qb3 {[#]} Rb8 $146 ({Vorgänger:} 14... Qd7 15. d4 exd4 16. Nxd4 {0-1 (42) Yudin,S (2519)-Lastin,A (2604) Moscow 2008}) 15. Nd2 (15. Qa2 $11) 15... Nd7 ({Günstiger ist} 15... c6 $1 $15 16. Ne4 (16. dxc6 d5 $17) 16... Nfxd5) 16. Qd1 g6 17. Nf3 Bg7 18. d4 Nf5 19. Bd3 Nh4 20. Nxh4 Qxh4 21. dxe5 Nxe5 22. Bf1 Nd7 23. Be3 Kh7 (23... Nc5 $14) 24. Ra4 (24. Qb3 $1 $16) 24... Qe7 25. Bd2 Qf8 26. Rxe8 Rxe8 27. Rc4 Rc8 28. Rb4 Nc5 29. Be3 Rb8 30. Rc4 b5 (30... Qd8 $14) 31. axb6 $1 $16 cxb6 {[#]} 32. h4 ({Lieber} 32. b4 $1 $16 {[%cal Rb4c5]} b5 33. Rxc5 (33. bxc5 bxc4 34. Bf4 Rd8 $14) 33... dxc5 34. bxc5) 32... b5 $11 33. Rf4 h5 34. g4 Be5 35. Rb4 $36 {[%mdl 2048] Weiss drückt.} hxg4 36. Qxg4 f5 37. Qf3 a5 (37... Qf6 $11) 38. Rxb5 $16 Rxb5 39. Bxb5 Qb8 40. Qe2 Qd8 {[#]} (40... Kg7 $16 41. h5 gxh5) 41. Bxc5 $1 $18 Qxh4 {( -> ...Dh2+)} 42. f4 $1 {[%cal Rf4e5]} Bxf4 $2 (42... Qg3+ 43. Qg2 Qxf4) 43. Bd4 Kh6 44. Qf3 Qe1+ $2 (44... Be5 45. Be3+ Kg7) 45. Bf1 g5 46. Qf2 Qc1 (46... Qe4 $142 47. Qe2 Qxd5) 47. Qe2 g4 48. Qe6+ Kh5 49. Qxf5+ Bg5 50. Qf7+ Kh4 51. Qh7+ Bh6 52. Qe7+ Kh5 53. Qe8+ Kh4 54. Qe7+ (54. Bf2+ $142 g3 55. Bb6 Bf4 56. Qe6 Bd2 57. Bd8+ Kh5 58. Kg2 Qxf1+ 59. Kxf1) 54... Kh5 $1 55. Bf2 {Beabsichtigt De8+ und Matt.} Bg5 56. Qh7+ Bh6 57. Qf5+ (57. Qf7+ $142 Kg5 58. Qe6 Kh5 59. Qe8+ Kg5 60. Be3+ Qxe3+ 61. Qxe3+ Kh5 62. Qe8+ Kh4 63. Qf7) 57... Bg5 58. Qf7+ Kh6 59. Qe6+ Kh5 60. Kg2 Qf4 61. Be2 a4 62. Bg3 Qd2 63. Qxg4+ Kh6 64. Qe6+ Kh7 65. Kh3 (65. Bxd6 $142 Bh6 66. Bg3 a3 67. bxa3 Qe3 68. Qf5+ Kg8 69. Bc4 Qxc3 70. Qe6+ Kh7 71. Qe4+ Kg8 72. d6+ Kg7 73. Be5+ Qxe5 74. Qxe5+ Kg6 75. Bd3+ Kf7 76. Qe7+ Kg8 77. d7 Bg7 78. d8=Q+ Bf8 79. Qexf8#) 65... Qxb2 66. Qf7+ {Weiß setzt Matt.} Kh8 67. Qh5+ Kg7 68. Qxg5+ {Precision: Weiß = 52%, Schwarz = 26%.} 1-0

[Event "RUS-chT Rapid Men 2018"]
[Site "Sochi"]
[Date "2018.10.08"]
[Round "5"]
[White "Kryakvin, Dmitry"]
[Black "Kozak, Alexander"]
[Result "1/2-1/2"]
[WhiteElo "2595"]
[BlackElo "2262"]
[Annotator "TA"]
[PlyCount "86"]
[EventDate "2018.10.05"]
[EventType "swiss"]
[EventCountry "RUS"]
[SourceTitle "playchess.com"]
[Source "ChessBase"]
[SourceQuality "1"]

{[%evp 19,86,29,33,29,33,32,45,12,30,26,26,29,41,11,34,25,31,21,29,39,87,35,36,49,45,9,16,16,17,10,25,25,21,17,17,17,82,17,31,25,20,0,0,-97,0,0,0,0,0,0,0,0,0,0,0,0,0,0,0,0,0,0,0,0,0,0,0,0,0]} 1. d4 d5 2. c4 e6 3. Nc3 f5 4. e3 Nf6 5. Nf3 c6 6. Ne5 Bd6 7. f4 O-O 8. Be2 Nbd7 9. O-O Ne4 10. Nxe4 fxe4 11. Bd2 {A84: Dutch Defence: 2 c4 Miscellaneous} Nxe5 12. fxe5 Be7 13. Qb3 {White is slightly better.} (13. Rxf8+ Qxf8 14. Qb3 b6 15. Rf1 Qd8 16. Qa4 Bd7 17. Qd1 Qc7 18. Qc2 Qb7 19. b4 Rf8 20. Rxf8+ Bxf8 21. c5 b5 22. a4 a6 23. a5 {½-½ (23) Fridman,D (2649)-Tomashevsky,E (2758) Berlin 2015}) 13... Qb6 14. Rxf8+ Bxf8 15. Qc2 c5 16. Bc3 Bd7 17. Rf1 Be7 18. Qd2 $146 ({Predecessor:} 18. Bg4 Qc6 19. dxc5 Bxc5 {1-0 (38) Chabanon,J (2400)-Amigues,E (2252) Val d'Isere 2002}) 18... Rf8 19. cxd5 Rxf1+ 20. Bxf1 ({White should play} 20. Kxf1 $16 {aiming for Ba5.} exd5 21. dxc5) 20... exd5 $14 21. dxc5 Qxc5 22. Bd4 Qc7 23. Bxa7 Qxe5 24. Bd4 Qd6 25. Qc3 Bf8 26. a3 h6 27. b4 Kh7 {[#]} (27... Be6 $11) 28. Be2 (28. b5 $1 $16) 28... Qb8 29. Qb3 Be6 $1 30. a4 Bd6 31. h3 (31. Qc3 $11 {keeps the balance.}) 31... Qf8 (31... Qd8 $17 {Hoping for ...Qg5.} 32. Bb5 Qh4) 32. Qb2 $11 {The position is equal.} Bxb4 33. Bxg7 Qxg7 34. Qxb4 Bxh3 {[%csl Gh3][%cal Rg7g2] [#]} 35. Bf1 Be6 36. Qb6 Bg4 37. a5 h5 38. Qd6 Qc3 39. Qe7+ Kh6 40. Qd6+ Kg7 41. Qe7+ Kh6 42. Qd6+ Kg7 43. Qe7+ Kh6 {Precision: White = 67%, Black = 39%.} 1/2-1/2

[Event "RUS-chT Rapid Men 2018"]
[Site "Sochi"]
[Date "2018.10.08"]
[Round "5"]
[White "Antipov, Mikhail Al."]
[Black "Girshgorn, Leonid"]
[Result "1-0"]
[WhiteElo "2593"]
[BlackElo "1925"]
[Annotator "TA"]
[PlyCount "71"]
[EventDate "2018.10.05"]
[EventType "swiss"]
[EventCountry "RUS"]
[SourceTitle "playchess.com"]
[Source "ChessBase"]
[SourceQuality "1"]

{[%evp 12,71,12,5,29,13,41,10,25,27,27,20,18,18,17,0,35,43,43,35,45,37,87,79,118,116,150,148,150,131,139,127,299,287,294,300,321,313,312,329,386,387,364,356,549,550,558,545,549,552,545,540,578,571,935,882,1198,947,3045,2785,29975,10616]} 1. e4 c6 2. d4 d5 3. e5 Bf5 4. h4 Qb6 5. g4 Bd7 6. Nc3 {B12: Caro-Kann: Advance Variation} e6 7. Na4 {LiveBook: 3 Games} Qc7 8. f4 $146 {White has an edge.} ({Predecessor:} 8. Nf3 c5 9. Nxc5 Bxc5 10. dxc5 Qxc5 11. c3 Ne7 12. h5 h6 {0-1 (74) Reshef,O (2442)-Stupak,K (2570) Paleochora 2017}) 8... Na6 9. Be3 (9. Nc3 {with more complications.} h5 10. g5 Ne7 11. Nf3 O-O-O 12. Bxa6 bxa6 13. Be3) 9... c5 (9... Qa5+ {feels hotter.} 10. c3 Nh6 11. Bh3 b5 12. Nc5 Nxc5 13. dxc5 b4) 10. Nxc5 Nxc5 11. dxc5 Bxc5 12. Bxc5 Qxc5 13. Qd2 Ne7 14. h5 O-O-O 15. O-O-O Kb8 16. Nf3 {[%cal Bg1f3,Bf3d4,Bd4b5,Bb5d6][%mdl 32]} Rc8 17. h6 gxh6 18. Rxh6 Ng6 {With the idea ...Nxf4.} 19. Nd4 Rc7 20. Kb1 Ne7 21. Be2 Nc6 $2 {[#]} (21... a6 $16 {is a better defense.} 22. Rdh1 Ba4) 22. Nb5 $18 Rcc8 23. Nd6 Rc7 24. Nxf7 Rf8 25. Nd6 ({Don't play} 25. Rxh7 Nd4 $18) 25... Nd4 26. Bd3 Ba4 27. b3 (27. Rxh7 Rxh7 28. Bxh7 Nf3 $16) 27... Bb5 (27... Nf3 $142 28. Qc1 Be8) 28. Nxb5 Nxb5 29. Bxb5 Qxb5 30. Rxe6 Rfc8 31. Rc1 Rc4 32. Rd6 R8c5 33. e6 Re4 34. f5 {[%cal Bf4f5,Bf5f6][%mdl 32]} Re2 35. Qf4 {[%cal Rd6d8] [#]} Kc8 36. f6 {Precision: White = 84%, Black = 25%.} 1-0

[Event "RUS-chT Rapid Men 2018"]
[Site "Sochi"]
[Date "2018.10.08"]
[Round "5"]
[White "Maletin, Pavel"]
[Black "Shcherbakov, Ruslan"]
[Result "1-0"]
[WhiteElo "2586"]
[BlackElo "2516"]
[Annotator "ChessBase"]
[PlyCount "113"]
[EventDate "2018.10.05"]
[EventType "swiss"]
[EventCountry "RUS"]
[SourceTitle "playchess.com"]
[Source "ChessBase"]
[SourceQuality "1"]
[TimeControl "900+10"]

1. c4 {[%emt 0:00:00]} Nf6 {[%emt 0:00:00]} 2. g3 {[%emt 0:00:00]} e5 {[%emt 0:00:21]} 3. Bg2 {[%emt 0:00:00]} c6 {[%emt 0:00:01]} 4. Nf3 {[%emt 0:00:00]} e4 {[%emt 0:00:29]} 5. Nd4 {[%emt 0:00:02]} d5 {[%emt 0:00:26]} 6. d3 {[%emt 0:00:02]} Bc5 {[%emt 0:02:44]} 7. Nb3 {[%emt 0:00:02]} Bb4+ {[%emt 0:00:26]} 8. Bd2 {[%emt 0:00:02]} Bxd2+ {[%emt 0:00:30]} 9. Qxd2 {[%emt 0:00:15]} dxc4 {[%emt 0:00:47]} 10. dxc4 {[%emt 0:00:03]} Qxd2+ {[%emt 0:00:26]} 11. N3xd2 {[%emt 0:00:13]} e3 {[%emt 0:00:20]} 12. fxe3 {[%emt 0:00:12]} O-O {[%emt 0:00:17]} 13. Nc3 {[%emt 0:00:39]} Nbd7 {[%emt 0:00:50]} 14. h3 {[%emt 0:01:30]} Re8 {[%emt 0:01:54]} 15. Kf2 {[%emt 0:00:04]} Ne5 {[%emt 0:00:21]} 16. b3 {[%emt 0:00:14]} Bf5 {[%emt 0:00:22]} 17. Rac1 {[%emt 0:01:53]} Rad8 {[%emt 0:00:14]} 18. Rhd1 {[%emt 0:01:00]} Neg4+ {[%emt 0:00:42]} 19. hxg4 {[%emt 0:00:04]} Nxg4+ {[%emt 0:00:01]} 20. Ke1 {[%emt 0:00:14]} Nxe3 {[%emt 0:00:09]} 21. Bf3 {[%emt 0:00:07]} Bc2 {[%emt 0:01:49]} 22. Nf1 {[%emt 0:00:32]} Bxd1 {[%emt 0:00:41]} 23. Nxe3 {[%emt 0:00:06]} Rxe3 {[%emt 0:00:08]} 24. Nxd1 {[%emt 0:00:19]} Re7 {[%emt 0:00:10]} 25. Nc3 {[%emt 0:01:14]} Rd3 {[%emt 0:00:30]} 26. Kf2 {[%emt 0:00:49]} Rd2 {[%emt 0:00:02]} 27. b4 {[%emt 0:00:43]} a6 {[%emt 0:00:49]} 28. b5 {[%emt 0:02:56]} cxb5 {[%emt 0:00:31]} 29. cxb5 {[%emt 0:00:07]} axb5 {[%emt 0:00:22]} 30. Nxb5 {[%emt 0:00:08]} g6 {[%emt 0:00:11]} 31. a4 {[%emt 0:00:24]} Ra2 {[%emt 0:00:11]} 32. Rc4 {[%emt 0:00:08]} Kg7 {[%emt 0:00:02]} 33. Rb4 {[%emt 0:00:12]} Rd7 {[%emt 0:01:10]} 34. Nd4 {[%emt 0:00:04]} b6 {[%emt 0:00:22]} 35. g4 {[%emt 0:01:23]} Rd6 {[%emt 0:00:25]} 36. Nb5 {[%emt 0:00:04]} Rdd2 {[%emt 0:00:04]} 37. Nd4 {[%emt 0:00:44]} Rab2 {[%emt 0:00:08]} 38. Rc4 {[%emt 0:00:01]} Rd1 {[%emt 0:00:22]} 39. Ke3 {[%emt 0:01:42]} Ra1 {[%emt 0:00:07]} 40. Bc6 {[%emt 0:00:04]} Kf6 {[%emt 0:00:07]} 41. Bb5 {[%emt 0:00:10]} Ra3+ {[%emt 0:00:17]} 42. Kf2 {[%emt 0:00:08]} h5 {[%emt 0:00:15]} 43. gxh5 {[%emt 0:00:09]} gxh5 {[%emt 0:00:01]} 44. Rc6+ {[%emt 0:00:02]} Kg5 {[%emt 0:00:13]} 45. Nf3+ {[%emt 0:00:02]} Kg4 {[%emt 0:00:03]} 46. Rf6 {[%emt 0:00:23]} h4 {[%emt 0:00:23]} 47. Rxf7 {[%emt 0:00:26]} Rb4 {[%emt 0:00:24]} 48. Bd7+ {[%emt 0:00:20]} Kh5 {[%emt 0:00:01]} 49. Bf5 {[%emt 0:00:02]} Rxf3+ {[%emt 0:00:11]} 50. Kxf3 {[%emt 0:00:08]} Rxa4 51. Rg7 {[%emt 0:00:06]} Ra1 {[%emt 0:00:24]} 52. Kf2 {[%emt 0:00:55]} b5 {[%emt 0:00:06]} 53. Rb7 {[%emt 0:00:10]} Ra5 {[%emt 0:00:30]} 54. Bd3 {[%emt 0:00:02]} Kg4 {[%emt 0:00:04]} 55. Rxb5 {[%emt 0:00:15]} Ra3 {[%emt 0:00:27]} 56. Rb4+ {[%emt 0:00:12]} Kg5 {[%emt 0:00:05]} 57. Kf3 {[%emt 0:00:03]} 1-0

[Event "RUS-chT Rapid Men 2018"]
[Site "Sochi"]
[Date "2018.10.08"]
[Round "5"]
[White "Bocharov, Ivan"]
[Black "Ponkratov, Pavel"]
[Result "1/2-1/2"]
[WhiteElo "2563"]
[BlackElo "2628"]
[Annotator "TA"]
[PlyCount "170"]
[EventDate "2018.10.05"]
[EventType "swiss"]
[EventCountry "RUS"]
[SourceTitle "playchess.com"]
[Source "ChessBase"]
[SourceQuality "1"]

{[%evp 11,170,35,51,30,154,33,32,-42,31,37,28,34,37,32,37,28,45,0,0,-17,-23,-82,-84,-119,-122,-198,-178,-180,-193,-186,-189,-247,-260,-255,-254,-270,-271,-265,-245,-313,-324,-318,-302,-370,-367,-359,-204,-195,-204,-208,-221,-218,-177,-157,-170,-201,-149,-106,-133,-156,-46,-166,0,-50,-42,-48,0,-243,-234,-633,-199,-2462,-1325,-1134,0,0,0,0,0,0,0,0,0,0,0,0,0,-5102,0,0,0,0,0,0,0,0,0,0,7,7,7,0,1,0,0,0,0,0,0,0,0,0,0,0,0,0,13,8,8,8,8,0,8,1,8,8,16,8,16,0,0,0,16,0,27,27,27,27,34,35,42,0,35,35,42,0,0,0,145,42,124,0,0,0,0,0,0,0,0,0,0]} 1. e4 e6 2. d4 d5 3. Nd2 b6 4. Ngf3 Nf6 5. Bd3 dxe4 6. Nxe4 Nbd7 7. Qe2 {C10: French with 3 Nc3: Unusual Black 3rd moves and 3...dxe4} (7. Nxf6+ Nxf6 8. Ne5 Qd5 9. Be2 Bb7 10. Bf3 Qa5+ 11. c3 Bxf3 12. Qxf3 Qd5 13. Qg3 h5 14. h4 Qe4+ 15. Be3 Ng4 16. Nxg4 hxg4 17. Qxc7 Qxg2 {1-0 (49) Krejci,J (2490)-Cifka,S (2410) Czech Republic 2017}) 7... Be7 (7... Bb7 $11 {keeps the balance.}) 8. Bg5 ({Only move:} 8. Neg5 $1 $16 {[%cal Rg5f7]} h6 9. Ne4 (9. Nxe6 fxe6 10. Bg6+ Kf8 $11)) 8... Bb7 $14 9. O-O-O (9. Nxf6+ $14 Nxf6 10. c3) 9... O-O (9... Bxe4 $15 10. Bxe4 Nxe4 11. Bxe7 Nc3 12. bxc3 Qxe7) 10. h4 Bxe4 $146 ({Predecessor:} 10... c5 11. dxc5 Nxe4 12. Bxe4 Bxe4 13. Qxe4 Nxc5 14. Qe2 Bxg5+ 15. hxg5 {1-0 (25) De Louw,P (1790)-Unkrig,F (1577) Goch 2016}) 11. Bxe4 Nxe4 12. Qxe4 Nf6 13. Qe2 c5 14. h5 h6 $1 {[%cal Rh6g5]} 15. Bf4 Qd5 16. c4 (16. Kb1 $1 $11) 16... Qf5 $17 17. Qe5 Qh7 $1 18. d5 (18. Qe2 $17) 18... Ne4 $1 $19 19. Qc7 Nxf2 20. Qxe7 Qe4 $36 {[%mdl 2048] Black has strong initiative.} 21. Be5 (21. Qh4 $142 Qxc4+ 22. Kb1 Nxd1 23. Rxd1) 21... Qxc4+ 22. Kb1 Qe4+ ({Don't take} 22... exd5 23. Rh4 $17) 23. Ka1 Nxd1 24. Rxd1 exd5 25. Re1 Qg4 26. Qb7 d4 ({But not} 26... Qxg2 $2 27. Rg1 $18) 27. Re4 Qxg2 28. Re1 Rae8 (28... d3 $142 29. Qe4 Rad8) 29. Rg1 {[#]} Qxg1+ $1 {[%mdl 512]} 30. Nxg1 Rxe5 {[%cal Re5e1]} 31. Nf3 Rxh5 32. a4 Rf5 33. Nd2 Re8 34. Qxa7 Re6 $1 35. Nc4 h5 (35... g6 $1 $17 36. Nxb6 h5 37. Qb8+ Kg7) 36. Nxb6 (36. Ka2 $1 $15) 36... h4 $2 (36... g6 $1 $19 37. Nd5 Kh7) 37. Qb8+ Kh7 38. Nd7 $1 {[%cal Rd7f8]} Re3 39. Qd6 $2 (39. Qd8 $11 g5 40. a5) 39... g6 40. a5 $2 (40. Ka2 Re2 41. a5) 40... h3 $2 (40... c4 41. Nf6+ Kg7 42. Ne8+ Rxe8 43. Qxd4+ Kg8 44. Qxh4 Rxa5+ 45. Kb1 Rc8) 41. a6 $2 (41. Ka2 Re2 42. Nf6+ Kg7 43. Ng4) 41... c4 42. Nc5 Rh5 $2 ({And not} 42... Rxc5 43. Qxc5 h2 44. Qd5 $16) (42... c3 $19 43. Qh2 Rxc5) 43. a7 $11 h2 {( -> ...Ra3+!)} 44. a8=Q $1 {[%cal Ra8h1]} h1=Q+ 45. Qxh1 Rxh1+ 46. Ka2 Ree1 {[%csl Gh1][%cal Re1a1]} 47. Ka3 c3 48. bxc3 dxc3 49. Kb3 $2 {[%mdl 8192] [#]} (49. Qf6 $11 c2 50. Qxf7+ Kh8 51. Qf8+ Kh7 52. Qf7+ Kh8 53. Qf8+ Kh7 54. Qf7+) 49... Rhf1 $2 (49... Rb1+ $1 $19 50. Kxc3 Rhc1+ 51. Kd4 Rd1+ 52. Ke5 Rxd6 53. Kxd6 Kh6) 50. Kxc3 Rc1+ 51. Kb2 Rb1+ 52. Ka2 Rb5 53. Qh2+ Kg8 {Hoping for ...Ra5+.} 54. Qe2 Ra5+ 55. Kb2 Rf5 56. Nd7 Rad5 57. Qe8+ Kg7 58. Kc3 Rf3+ 59. Kc4 Rdf5 60. Qf8+ Kh7 61. Qe7 R3f4+ 62. Kd3 Rf3+ 63. Kc4 Kh6 64. Ne5 Rf1 65. Kd3 Kg7 {White must now prevent ...Re1.} 66. Ke2 Ra1 {White should prevent ...Ra6.} 67. Nd3 Ra2+ 68. Ke3 Rh2 69. Qc7 Rh4 70. Qc3+ Kh7 71. Qc7 Kg7 72. Qc3+ f6 73. Qc7+ Kh6 74. Qb8 Rh3+ 75. Ke2 {Strongly threatening Qh8+.} Kg5 76. Nf2 Rh4 77. Qg3+ Kh5 78. Qb8 Re5+ 79. Kf3 Kg5 (79... Rf5+ $11 80. Ke2 Re5+ 81. Kd1 Rd5+ 82. Kc2 Rc5+ 83. Kd2 Rd5+ 84. Ke1 Re5+ 85. Kd2 Rd5+ 86. Ke1 Re5+ 87. Kd2 Rd5+) 80. Qa7 (80. Kg2 $16) 80... Rb4 {[#]} ({Better is} 80... Rc4 $14) 81. Nh3+ ({White should try} 81. Qa3 $1 $16 {[%cal Ra3b4]} Rh4 82. Kg3) 81... Kh6 {...Rb3+ is the strong threat.The position is equal.} 82. Qf7 {Threatens to win with Qf8+.} Rf5+ 83. Kg3 {aiming for Qf8+.} Re4 84. Qf8+ Kh7 85. Qf7+ Kh6 {Precision: White = 36%, Black = 51%.} 1/2-1/2

[Event "RUS-chT Rapid Men 2018"]
[Site "Sochi"]
[Date "2018.10.08"]
[Round "5"]
[White "Iljiushenok, Ilia"]
[Black "Timofeev, Artyom"]
[Result "0-1"]
[WhiteElo "2539"]
[BlackElo "2580"]
[Annotator "ChessBase"]
[PlyCount "126"]
[EventDate "2018.10.05"]
[EventType "swiss"]
[EventCountry "RUS"]
[SourceTitle "playchess.com"]
[Source "ChessBase"]
[SourceQuality "1"]
[TimeControl "900+10"]

1. e4 {[%emt 0:00:00]} c5 {[%emt 0:00:00]} 2. Nc3 {[%emt 0:00:00]} d6 {[%emt 0:00:00]} 3. d4 {[%emt 0:00:00]} cxd4 {[%emt 0:00:03]} 4. Qxd4 {[%emt 0:00:00]} Nc6 {[%emt 0:00:06]} 5. Qd2 {[%emt 0:00:00]} g6 {[%emt 0:02:30]} 6. b3 {[%emt 0:00:00]} Bh6 {[%emt 0:00:02]} 7. f4 {[%emt 0:00:00]} Nf6 {[%emt 0:00:52]} 8. Bb2 {[%emt 0:00:01]} Qa5 {[%emt 0:00:27]} 9. O-O-O {[%emt 0:01:07]} Bg4 {[%emt 0:00:02]} 10. Be2 {[%emt 0:01:39]} Bxe2 {[%emt 0:00:08]} 11. Ngxe2 {[%emt 0:00:02]} O-O-O {[%emt 0:00:03]} 12. Kb1 {[%emt 0:02:28]} Bg7 {[%emt 0:00:49]} 13. Rhe1 {[%emt 0:00:36]} Kb8 {[%emt 0:00:14]} 14. Ng1 {[%emt 0:01:02]} Nd7 {[%emt 0:00:37]} 15. Nf3 {[%emt 0:00:31]} Rhf8 {[%emt 0:00:19]} 16. a3 {[%emt 0:00:52]} Bxc3 {[%emt 0:00:06]} 17. Qxc3 {[%emt 0:00:03]} Qxc3 {[%emt 0:00:02]} 18. Bxc3 {[%emt 0:00:01]} f6 {[%emt 0:00:17]} 19. Re3 {[%emt 0:01:26]} h5 {[%emt 0:00:54]} 20. Kb2 {[%emt 0:01:02]} a6 {[%emt 0:01:34]} 21. g3 {[%emt 0:00:02]} Nc5 {[%emt 0:00:47]} 22. Re2 {[%emt 0:01:24]} Kc8 {[%emt 0:00:20]} 23. Be1 {[%emt 0:01:22]} f5 {[%emt 0:02:17]} 24. exf5 {[%emt 0:00:53]} gxf5 {[%emt 0:00:04]} 25. Ng5 {[%emt 0:00:01]} Rde8 {[%emt 0:01:33]} 26. Bf2 {[%emt 0:00:13]} Nd7 {[%emt 0:00:02]} 27. c4 {[%emt 0:00:35]} e5 {[%emt 0:00:22]} 28. Rxd6 {[%emt 0:00:30]} exf4 {[%emt 0:00:02]} 29. Rde6 {[%emt 0:00:13]} Rxe6 {[%emt 0:00:26]} 30. Nxe6 {[%emt 0:00:01]} f3 {[%emt 0:00:07]} 31. Nxf8 {[%emt 0:03:31]} fxe2 {[%emt 0:00:02]} 32. Ne6 {[%emt 0:00:05]} Nce5 {[%emt 0:00:52]} 33. Nf4 {[%emt 0:00:03]} Nc5 {[%emt 0:00:02]} 34. Kc2 {[%emt 0:00:04]} Ne4 {[%emt 0:00:03]} 35. Be1 {[%emt 0:00:18]} Nf3 {[%emt 0:00:02]} 36. Ng2 {[%emt 0:00:19]} Nxh2 {[%emt 0:00:32]} 37. Kd3 {[%emt 0:00:01]} Nf3 {[%emt 0:00:02]} 38. Kxe2 {[%emt 0:00:17]} Nxe1 {[%emt 0:00:03]} 39. Nxe1 {[%emt 0:00:30]} Nxg3+ {[%emt 0:00:03]} 40. Kf3 {[%emt 0:00:03]} Ne4 {[%emt 0:00:06]} 41. Kf4 {[%emt 0:00:01]} Nd2 {[%emt 0:00:03]} 42. Kxf5 {[%emt 0:00:09]} Nxb3 {[%emt 0:00:02]} 43. Nf3 {[%emt 0:00:24]} Kc7 {[%emt 0:00:52]} 44. Kg5 {[%emt 0:00:14]} Kd6 {[%emt 0:00:12]} 45. Kxh5 {[%emt 0:00:03]} Na5 {[%emt 0:00:01]} 46. Kg4 {[%emt 0:00:18]} Nxc4 {[%emt 0:00:04]} 47. a4 {[%emt 0:00:01]} Nb2 {[%emt 0:00:06]} 48. Kf4 {[%emt 0:00:04]} Nxa4 {[%emt 0:00:01]} 49. Ke4 {[%emt 0:00:02]} b5 {[%emt 0:00:06]} 50. Kd4 {[%emt 0:00:03]} Nc5 {[%emt 0:00:02]} 51. Nd2 {[%emt 0:00:04]} Kc6 {[%emt 0:00:06]} 52. Nf3 {[%emt 0:00:07]} a5 {[%emt 0:00:25]} 53. Ne5+ {[%emt 0:00:10]} Kb6 {[%emt 0:00:01]} 54. Kc3 {[%emt 0:00:01]} Ne4+ {[%emt 0:00:08]} 55. Kb3 {[%emt 0:00:03]} Kc5 {[%emt 0:00:11]} 56. Ka3 {[%emt 0:00:18]} Nd6 {[%emt 0:00:18]} 57. Nd3+ {[%emt 0:00:31]} Kd4 {[%emt 0:00:07]} 58. Nf4 {[%emt 0:00:03]} Kc4 {[%emt 0:00:07]} 59. Ng6 {[%emt 0:00:03]} Kc3 {[%emt 0:00:05]} 60. Nf4 {[%emt 0:00:04]} Nc4+ {[%emt 0:00:05]} 61. Ka2 {[%emt 0:00:01]} b4 {[%emt 0:00:11]} 62. Ne2+ {[%emt 0:00:03]} Kd3 {[%emt 0:00:07]} 63. Nf4+ {[%emt 0:00:01]} Kc2 {[%emt 0:00:03]} 0-1

[Event "RUS-chT Rapid Men 2018"]
[Site "Sochi"]
[Date "2018.10.08"]
[Round "5"]
[White "Triapishko, Alexandr"]
[Black "Potapov, Pavel"]
[Result "1/2-1/2"]
[WhiteElo "2508"]
[BlackElo "2515"]
[Annotator "TA"]
[PlyCount "112"]
[EventDate "2018.10.05"]
[EventType "swiss"]
[EventCountry "RUS"]
[SourceTitle "playchess.com"]
[Source "ChessBase"]
[SourceQuality "1"]

{[%evp 9,112,-25,6,-12,-10,-71,-56,-61,-7,-13,-9,-3,-14,-14,-5,-8,-7,-36,-9,0,34,35,33,14,40,31,26,13,31,29,37,23,51,60,54,45,57,52,57,57,57,56,93,60,65,62,93,93,92,92,93,96,101,96,103,96,129,148,134,100,129,130,118,127,241,231,242,242,242,241,242,242,241,241,241,234,234,0,0,0,227,0,0,0,227,0,212,212,259,252,245,244,237,222,208,0,0,0,0,0,0,0,0,0,0]} 1. Nf3 f5 2. d3 Nc6 3. e4 e5 4. exf5 (4. d4 fxe4 5. Nxe5 Qf6 6. f4 d6 7. Nxc6 bxc6 8. d5 Qg6 9. dxc6 Be7 10. g3 Bf6 11. Be2 Qf5 {½-½ (60) Wen,Y (2605)-Sandipan,C (2566) Sanya City 2017}) 4... d5 5. Qe2 Bd6 6. Nxe5 {C40: Latvian and Elephant Gambits} Bxe5 {[#]} 7. f4 (7. d4 $1 $11 {[%mdl 512]}) 7... Nge7 $146 ({Predecessor:} 7... Qe7 8. fxe5 Nd4 9. Qh5+ Kf8 10. Kd1 Qxe5 11. c3 Nxf5 {0-1 (32) Alvarez Marquez,E (2084)-Pierattini,G (2079) Santiago de Chile 2010}) 8. fxe5 {Strongly threatening f6.Black is slightly better.} Nxf5 ({Black should play} 8... Bxf5 $15 9. Bg5 Qd7) 9. Qh5+ $11 g6 10. Qg5 $1 Qd7 11. c3 {Threatening d4.} Nxe5 {And now ...Qe6 would win.} 12. Qf6 $132 {[%mdl 2048] White puts up resistance} Nf7 {aiming for ...0-0.} 13. g4 $1 {[%cal Rg4f5]} N5d6 14. Be2 Qe6 (14... O-O {keeps more tension.} 15. O-O Re8 16. Bf3 b6 17. Bf4 Re6) 15. Qxe6+ Bxe6 16. Be3 O-O 17. Na3 Rae8 18. Nc2 Ne5 19. h3 Nf3+ 20. Kd1 b6 21. Rf1 Ne5 22. Kd2 Bd7 23. Rxf8+ Rxf8 24. Rf1 Rxf1 25. Bxf1 h5 26. gxh5 gxh5 27. Bf4 Nef7 28. Ne3 c6 29. h4 Kg7 30. Be2 Kg6 31. b4 b5 32. Bd1 Nf5 33. Nxf5 Bxf5 $16 {[%mdl 4096] Endgame KBB-KBN} 34. a4 a6 35. axb5 axb5 {[#]} 36. Ke3 $1 Nd8 {[#]} (36... Bg4 $16 {was called for.} 37. Bb3 Nd8) 37. Kd4 $1 $18 Ne6+ 38. Ke5 Nxf4 39. Kxf4 {Hoping for Bxh5+!} Bxd3 {KB-KB} 40. Ke5 Be4 41. Be2 {[%mdl 1024] White has strong compensation.} Bc2 42. Bf1 {Threatens to win with Bh3.} Bf5 43. Bg2 $2 ({White should try} 43. Kd6 $18) 43... Bg4 $11 44. Kd6 Bf5 $2 (44... Kf5 $1 $11 {and Black has nothing to worry.}) 45. Ke5 $2 ({Better is} 45. Bf1 $18) 45... Bg4 46. Bf1 $2 (46. Bh1 $11) 46... Bf5 $1 $18 47. Be2 $2 (47. Kd6 $18) 47... Be4 $2 (47... Bc2 $1 $11) 48. Ke6 Bc2 49. Bf1 Bf5+ 50. Ke5 Bg4 51. Bd3+ Kf7 52. Bc2 $2 (52. Kd6 $18) 52... Ke7 $1 $11 {The position is equal.} 53. Bg6 Bd1 54. Bf5 Be2 55. Bg6 Bd1 56. Bd3 Bg4 {Precision: White = 77%, Black = 50%.} 1/2-1/2